Statistics for Languages Native to Italy

Click here to take the quiz!

General Stats

  • This quiz has been taken 208 times
  • The average score is 6 of 13

Answer Stats

Number of SpeakersLanguage% Correct
65,000,000Italian
98%
4,700,000Sicilian
76%
1,500,000Sardinian
69%
3,900,000Venetian
63%
3,600,000Lombard
60%
5,700,000Neapolitan
57%
1,600,000Piedmontese
46%
500,000Ligurian
44%
31,000Ladin
42%
300,000Friulian
34%
200,000Corsican
21%
4,400,000Emilian-Romagnol
17%
140,000Franco-Provençal
8%

Score Distribution

Percentile by Number Answered

Percent of People with Each Score

Your Score History

You have not taken this quiz